000 00680 a2200265 4500
001 108526
020 _a9780064441490
041 _apor
082 _aYear 3 [E]
100 _aHoban, Lillian.
250 _a. ed.
300 _a60 p.
490 _aI can read book
697 _aFriendship - Fiction.
697 _aReaders (Elementary)
697 _aChimpanzees - Fiction.
697 _aValentine's Day - Fiction.
830 _aI can read book
856 _u000005/00000581.jpeg
040 _aBR-BrIDEA
_cBR-BrIDEA
090 _aYear 3 [E]
_bHOB
245 1 0 _aArthur's great big valentine
_c Lillian Hoban
260 _a[S.l.]
_bHarperCollins
_c1989
942 _cBK
999 _c108526
_d108526